Resources and energy

Đã lưu trong:
Bibliografiske detaljer
Hovedforfatter: Banks, Ferdinand E.
Format: Bog
Sprog:Undetermined
Udgivet: Massachusetts Lexington Books 1982
Fag:
Tags: Tilføj Tag
Ingen Tags, Vær først til at tagge denne postø!
Thư viện lưu trữ: Trung tâm Học liệu Trường Đại học Cần Thơ
LEADER 00480nam a2200181Ia 4500
001 CTU_81510
008 210402s9999 xx 000 0 und d
082 |a 333.79 
082 |b B218 
100 |a Banks, Ferdinand E. 
245 0 |a Resources and energy 
245 0 |c Ferdinand E. Banks 
260 |a Massachusetts 
260 |b Lexington Books 
260 |c 1982 
650 |a Power resource 
904 |i Trọng Hải 
980 |a Trung tâm Học liệu Trường Đại học Cần Thơ